00326nam a2200121Ia 4500008004100000041000800041082001600049100001600065245004500081260003700126300003200163365000900195240624s9999 xx 000 0 und d aeng a658.406 KLE aKLEINER ART aAGE OF HERETICS A HISTORY OF THE RADICAL c2008aSan FranciscobJossey-Bass axvii, : 391 : p. : cm. ; 23 cb30